000 00615nam a2200241Ia 4500
001 16154
003 GE_BSU
008 181216s||||||||xx |||||||||||||| ||und||
020 _a1580531415
040 _cGE_BSU
080 _a656.2
100 _aSussman,Joseph
245 _aIntroduction to Transportation Systems
260 _aBoston
260 _bArtech House
260 _c2000
300 _a466p.27cm.
541 _h290 Gel.
653 _aIntroduction to Transportation Systems
653 _aსატრანსპორტო სისტემა
653 _aტექნიკა
942 _cBK
999 _c49241
_d49241